| 000 | 00328nam a2200109Ia 4500 | ||
|---|---|---|---|
| 008 | 200302s9999 xx 000 0 und d | ||
| 100 | _aInstitution Of Civil Engineers (Edi) | ||
| 245 | _aRamp Risk Analysis And Management For Projects -- 2Nd Edition | ||
| 260 | _bThomas telford Publishing Ltd., | ||
| 260 | _c2005 | ||
| 300 | _a147 P | ||
| 999 |
_c4824 _d4824 |
||